[Event "HCL-A2569"]
[Site "www.playchess.de"]
[Date "2006.02.18"]
[Round "4"]
[White "PartyJokker"]
[Black "zemljanin"]
[WhiteElo "1323"]
[BlackElo "1415"]
[PlyCount "38"]
[Result "0-1"]

1.e4 e6 {hello}  2.d4 d5 3.e5 c5 4.c3 cxd4 5.cxd4 
Bd7 6.Nf3 f6 7.Be2 Bb4+ 8.Nc3 a6 9.O-O Nc6 10.exf6 
gxf6 11.Ne1 Nge7 12.Bh5+ Ng6 13.Nd3 Bd6 14.Qd2 
Nxd4 15.Qh6 Kf7 16.Nf4 Bxf4 17.Qxf4 e5 18.Qd2 Bc6 
19.f4 Ke7 0-1

[Event "HCL-E1569"]
[Site "www.playchess.de"]
[Date "2006.02.18"]
[Round "31"]
[White "carlosmadeira"]
[Black "Tarrega"]
[WhiteElo "1556"]
[BlackElo "1594"]
[PlyCount "70"]
[Result "0-1"]

1.d4 d5 {Hi}  2.c4 {HI,GOOD LUCK}  dxc4 3.e3 e5 
4.Bxc4 exd4 5.exd4 Bd6 6.Qb3 Qe7+ 7.Be3 Nc6 8.Bb5 
Bd7 9.Nf3 Nf6 10.O-O O-O 11.Nbd2 Na5 12.Qa4 Nc6 
13.Rac1 a6 14.Bxc6 Bxc6 15.Qd1 Nd5 16.Re1 Nxe3 
17.Rxe3 Qf6 18.Nb3 Bf4 19.Rxc6 Qxc6 20.Rc3 Qd6 
21.g3 Bh6 22.Nc5 b6 23.Ne4 Qe7 24.Qc2 Ra7 25.Ne5 
Rb7 26.Nc6 Qd7 27.Ne5 Qxd4 28.Nf3 Qd5 29.h4 f5 
30.Ned2 Re8 31.Qb3 Rd8 32.Nc4 Kh8 33.Nce5 Qxb3 
34.Rxb3 c5 35.Rxb6 Rd1+ 0-1

[Event "HCL-C4090"]
[Site "www.playchess.de"]
[Date "2006.02.18"]
[Round "2"]
[White "tbouma"]
[Black "Satellite"]
[WhiteElo "1141"]
[BlackElo "1093"]
[PlyCount "71"]
[Result "1-0"]

1.d4 Nf6 {Hi there!  I look forward to our game.  
I read your webpage and almost cried when I read 
about your departure from your family farm.}  2.c4 
{thanks - it's nice to see the story still has 
effect - almost 10 years after - let's have a good 
game!}  c5 {Yes, indeed.}  3.Nf3 e6 4.Bg5 Be7 5.d5 
O-O 6.Qd2 h6 7.Bh4 d6 8.e4 Nbd7 9.dxe6 fxe6 10.Nc3 
b6 11.Bxf6 Bxf6 12.Bd3 e5 13.Nd5 Bb7 14.O-O Bxd5 
15.exd5 Qe7 16.Rfe1 Kh8 17.Re4 g5 18.Ne1 Qg7 
19.Qe2 a5 20.g4 a4 21.Ng2 Rf7 22.Rf1 Nf8 23.Ne3 
Ng6 24.Ng2 Nh4 25.Nxh4 gxh4 26.Re3 Qg5 27.Bf5 Rg7 
28.h3 Qf4 29.Re4 Qg5 30.f4 Rgg8 31.fxg5 hxg5 
32.Be6 Rg6 33.Bf7 Rh6 34.Re3 Ra7 35.Be6 Rg7 
36.Ref3 1-0

[Event "HCL-A2554"]
[Site "www.playchess.de"]
[Date "2006.02.18"]
[Round "13"]
[White "Zembla"]
[Black "Eli"]
[WhiteElo "1471"]
[BlackElo "1604"]
[PlyCount "35"]
[Result "1-0"]

1.Nc3 {hello}  g6 2.g3 Bg7 3.Bg2 Nf6 4.e4 d6 5.f4 
Bg4 6.Nf3 c5 7.O-O Nc6 8.d3 Nd4 9.Be3 Bxf3 10.Bxf3 
Nxf3+ 11.Qxf3 Qb6 12.e5 Nd7 13.exd6 Qxb2 14.Nd5 
O-O 15.dxe7 Rfe8 16.Nc7 Qxc2 17.Rac1 Qxa2 
18.Nxa8 1-0

[Event "HCL-A2609"]
[Site "www.playchess.de"]
[Date "2006.02.18"]
[Round "5"]
[White "foinaven"]
[Black "hal1958"]
[WhiteElo "1439"]
[BlackElo "1431"]
[PlyCount "93"]
[Result "0-1"]

1.d4 {Hi - we have met several times before.}  Nf6 
{have a nice game}  2.c4 c5 3.d5 e6 4.Nf3 exd5 
5.cxd5 d6 6.Nc3 g6 7.Nd2 a6 8.a4 Bg7 9.e4 O-O 
10.Be2 Nbd7 11.O-O Ne5 12.h3 b6 13.Nc4 Nxc4 
14.Bxc4 Nd7 15.Be3 Ne5 16.Qe2 Bd7 17.Bxa6 Bc8 
18.Bxc8 Qxc8 19.f4 Nd7 20.Nb5 Qb8 21.e5 dxe5 22.d6 
exf4 23.Bxf4 Re8 24.Qc2 Rf8 25.Rfe1 Qd8 26.Bd2 Rc8 
27.Bc3 Bxc3 28.Qxc3 Qf6 29.Qxf6 Nxf6 30.Rad1 
{Close game! You are winning our series by 6 - 
1.5}  Rfd8 {Which series? As far as I can see this 
is our first game.}  31.Re7 {I closed my old 
account - got a new name now.}  Kf8 32.Rf1 Kg7 
33.g4 h6 34.Kg2 {My brain hurts...}  g5 35.Kg3 Rd7 
36.Rfe1 Kf8 37.Rxd7 Nxd7 38.Nc7 Nf6 39.Kf3 Rd8 
40.Nb5 Rd7 41.b3 Ne8 42.Rd1 Ng7 43.Re1 Ne6 
{(offering draw)}  44.Ke4 {Maybe in a couple more 
moves...}  Nf4 45.Kf5 Nxh3 46.Kf6 Nf4 
47.Re7 0-1

[Event "HCL-C4131"]
[Site "www.playchess.de"]
[Date "2006.02.18"]
[Round "8"]
[White "Azimut"]
[Black "aussie"]
[WhiteElo "800"]
[BlackElo "1099"]
[PlyCount "75"]
[Result "1-0"]

1.b3 {Hello from Paris. I wishe you good luck and 
I hope I'll do not make too many great mistakes... 
Sorry for advance.}  e5 {Greetings from New 
Jersey. Have a good game.}  2.Bb2 d6 3.e3 Nc6 
4.Ne2 d5 5.d3 Nf6 6.g3 Bg4 7.Bg2 e4 8.Nd2 Bb4 9.a3 
Bxe2 10.Qxe2 Bxd2+ 11.Qxd2 O-O 12.h3 Re8 13.O-O 
Ne5 14.Bxe5 Rxe5 15.f4 Re7 16.g4 {“Yes; quaint and 
curious war is! You shoot ..." How do you do to 
put notes in your home page ?}  c5 {mypage,player 
profile,player info,change personal 
data,links,extended profile.
Mine taken from a favorite Thomas Hardy poem.}  
17.g5 {Ok, many thanks for your help! Have a nice 
day and best wishes.}  Nd7 18.Rad1 Nf8 19.dxe4 d4 
20.exd4 cxd4 21.Qxd4 Rd7 22.Qa1 a5 23.e5 b5 
24.Bxa8 Qxa8 25.Rxd7 Nxd7 26.Rd1 Nf8 27.Rd2 Qf3 
28.Qf1 Qe3+ 29.Rf2 Ng6 30.Qd3 Qc1+ 31.Rf1 Qxa3 
32.Qxb5 Qb2 33.f5 Nf8 34.Qe2 Qd4+ 35.Kh2 Nd7 36.e6 
Qe5+ 37.Qxe5 Nxe5 38.e7 1-0

[Event "HCL-A2608"]
[Site "www.playchess.de"]
[Date "2006.02.18"]
[Round "4"]
[White "mrchess"]
[Black "maus"]
[WhiteElo "1438"]
[BlackElo "1390"]
[PlyCount "44"]
[Result "0-1"]

1.e4 {good luck}  e5 {think's.hello!}  2.Nf3 d6 
3.Bc4 Nc6 4.d3 Bg4 5.Nbd2 a6 6.c3 h6 7.Qb3 Bh5 
8.Qxb7 Na5 9.Qd5 c6 10.Qxa5 Qxa5 11.O-O Nf6 12.Nb3 
Qc7 13.Nbd2 d5 14.exd5 cxd5 15.Bb3 Bd6 16.h3 e4 
17.dxe4 Bxf3 18.gxf3 dxe4 19.Re1 O-O 20.fxe4 Rfe8 
21.f3 Bh2+ 22.Kf2 Bg3+ 0-1

[Event "HCL-B3883"]
[Site "www.playchess.de"]
[Date "2006.02.18"]
[Round "6"]
[White "superyetkin"]
[Black "nico21"]
[WhiteElo "1290"]
[BlackElo "1512"]
[PlyCount "100"]
[Result "0-1"]

1.g3 d5 2.Bg2 c6 3.Nc3 Nf6 4.d3 g6 5.Bg5 Bg7 6.Qd2 
O-O 7.O-O-O Na6 8.a3 Qc7 9.Bf4 e5 10.Bg5 Re8 11.e4 
d4 12.Nce2 Ng4 13.Rf1 f6 14.h3 fxg5 15.hxg4 Bxg4 
16.Qxg5 Bxe2 17.Nxe2 Bf8 18.f4 Qg7 19.f5 gxf5 
20.Qxg7+ Bxg7 21.Rxf5 Ref8 22.g4 Rf6 23.Rhf1 Raf8 
24.Ng3 R6xf5 25.Rxf5 Rxf5 26.gxf5 Nc5 27.Kd2 Bh6+ 
28.Ke2 Na4 29.b3 Nc3+ 30.Kf3 Nb1 31.Nh5 Nxa3 
32.Nf6+ Kf7 33.Nd7 Bg7 34.Nc5 b5 35.Ne6 Bf6 36.Nc5 
Nxc2 37.Bf1 Be7 38.Nd7 Bd6 39.Bh3 Na1 40.f6 Nxb3 
41.Bg4 Nc1 42.Bh5+ Kg8 43.f7+ Kg7 44.Kg4 b4 45.Kf5 
Nxd3 46.Ke6 Bf8 47.Kf5 b3 48.Bd1 b2 49.Bc2 Nb4 
50.Bb1 d3 0-1

[Event "HCL-A2607"]
[Site "www.playchess.de"]
[Date "2006.02.18"]
[Round "4"]
[White "DeepEcho"]
[Black "RUDI"]
[WhiteElo "1801"]
[BlackElo "1256"]
[PlyCount "27"]
[Result "1-0"]

1.e4 {Hallo! grusse von Meran und viel gluck}  e5 
2.Nf3 Nc6 {grüße auch aus München-Neuried. In 
Meran war ich schon mal.}  3.Bc4 Bc5 4.d3 d6 5.Nc3 
Nf6 6.Bg5 O-O 7.Nd5 Kh8 8.Qd2 Be6 9.Nxf6 gxf6 
10.Bh4 Bg4 11.Qh6 Kg8 12.Bxf6 Qxf6 13.Qxf6 Rae8 
14.Qg5+ 1-0

[Event "ACL-A646"]
[Site "www.playchess.de"]
[Date "2006.02.18"]
[Round "9"]
[White "BDG_Girl"]
[Black "shaon"]
[WhiteElo "1738"]
[BlackElo "1500"]
[PlyCount "49"]
[Result "1-0"]

1.d4 {Hello and good luck!}  g6 2.c4 Bg7 3.Nc3 b6 
4.e4 Bb7 5.Nf3 Nf6 6.e5 Ne4 7.Nxe4 Bxe4 8.Bd3 Bb7 
9.h4 Nc6 10.h5 e6 11.Bg5 Qc8 12.h6 Bf8 13.d5 exd5 
14.cxd5 Nb4 15.a3 Nxd5 16.Bc4 Ne7 17.Qb3 d5 
18.exd6 cxd6 19.Bxf7+ Kd8 20.Rc1 Qf5 21.Be6 Qe4+ 
22.Kd2 a5 23.Qxb6+ Ke8 24.Rhe1 Qa4 
25.Qxb7 1-0

[Event "HCL-E1526"]
[Site "www.playchess.de"]
[Date "2006.02.18"]
[Round "19"]
[White "PLAYCHESS1963"]
[Black "Matu"]
[WhiteElo "1725"]
[BlackElo "1554"]
[PlyCount "113"]
[Result "1-0"]

1.e4 e5 2.Nf3 Nc6 3.Bc4 Nf6 4.d3 Bc5 5.Bg5 h6 
6.Bh4 d6 7.h3 Nd4 8.c3 Nxf3+ 9.Qxf3 c6 10.Bxf6 
Qxf6 11.Qxf6 gxf6 12.b4 Bb6 13.a4 a5 14.b5 Bd7 
15.Nd2 Ke7 16.O-O Rhg8 17.Kh2 Be6 18.Rae1 Rg7 
19.Bxe6 fxe6 20.Nc4 Bc7 21.g3 d5 22.Nd2 f5 23.c4 
dxe4 24.dxe4 f4 25.g4 Rag8 26.c5 cxb5 27.axb5 b6 
28.cxb6 Bxb6 29.Nc4 Bd4 30.Nxa5 Bc3 31.Nc6+ Kd6 
32.Rec1 Bd4 33.Rfd1 h5 34.f3 hxg4 35.fxg4 Rh8 
36.Kg2 Rb7 37.Nxd4 exd4 38.Rxd4+ Ke5 39.Rb4 Rhb8 
40.Rc5+ Kf6 41.h4 R7b6 42.Kf3 e5 43.g5+ Ke6 44.h5 
Kd6 45.Rd5+ Ke6 46.Rb3 R6b7 47.Kg4 R7b6 48.h6 R8b7 
49.g6 Kf6 50.Kh5 R7b8 51.g7 R6b7 52.Rd6+ Kf7 53.b6 
f3 54.Rxf3+ Kg8 55.Kg6 Rxg7+ 56.hxg7 Re8 
57.Rf8+ 1-0

[Event "ACL-M080"]
[Site "www.playchess.de"]
[Date "2006.02.18"]
[Round "2"]
[White "Loge"]
[Black "el_Tiburon"]
[WhiteElo "1984"]
[BlackElo "1864"]
[PlyCount "79"]
[Result "1-0"]

1.e4 c5 2.Nf3 d6 3.d4 cxd4 4.Nxd4 Nf6 5.Nc3 e6 
6.Bc4 Be7 7.O-O O-O 8.Bb3 Na6 9.Be3 Nc5 10.f3 a6 
11.Qd2 Qc7 12.Rfd1 Bd7 13.Qf2 b5 14.a3 e5 15.Nde2 
Nxb3 16.cxb3 Be6 17.b4 Rac8 18.Rd2 Qb7 19.Ng3 h6 
20.Rad1 Rc4 21.R2d3 Rfc8 22.Nf1 R4c6 23.R3d2 Bb3 
24.Re1 Qd7 25.Ng3 Bf8 26.Kh1 R6c7 27.Nf5 Be6 
28.Qg3 Bxf5 29.exf5 Qxf5 30.Bxh6 d5 31.Rxe5 Qh7 
32.Bg5 Nh5 33.Qe1 f6 34.Rexd5 fxg5 35.Rxg5 Re7 
36.Re5 Rxe5 37.Qxe5 Qh6 38.Re2 Bd6 39.Qe6+ Qxe6 
40.Rxe6 1-0

[Event "HCL-E1453"]
[Site "www.playchess.de"]
[Date "2006.02.18"]
[Round "2"]
[White "Kurt_Rohrer"]
[Black "bushman"]
[WhiteElo "1939"]
[BlackElo "1601"]
[PlyCount "149"]
[Result "1/2-1/2"]

1.e4 {Hi from Brazil,have a good game!}  e5 {hello 
from north carolina;my regards to you as well.}  
2.Nf3 d5 3.Nxe5 Bd6 4.Nxf7 Kxf7 5.Qh5+ Kf8 6.Qxd5 
Nf6 7.Qc4 Qe7 8.Nc3 Be6 9.Qe2 Nc6 10.Nb5 Kf7 11.d4 
a6 12.Nxd6+ cxd6 13.d5 Bg4 14.f3 Nd4 15.Qd3 Qe5 
16.fxg4 Rhe8 17.Be3 Qxe4 18.O-O-O Nxc2 19.Kxc2 
Qxe3 {qa5 looked so tempting,but...}  20.Qxe3 
{Inded interesting,but...}  Rxe3 21.Bd3 Re5 22.Kb1 
Nxg4 23.Rhf1+ Kg8 24.Rdc1 Rae8 25.Rc7 R5e7 26.Rfc1 
g6 27.Rxe7 Rxe7 28.Rc8+ Kg7 29.Rd8 Ne5 30.Kc2 Nf7 
31.Rb8 Kf6 32.Kc3 Ke5 33.Be2 Ng5 34.Kd3 Kxd5 35.h4 
Ne6 36.Bf3+ Ke5 37.b4 Nf4+ 38.Kd2 Nd5 39.a3 b5 
40.Bxd5 Kxd5 41.Ra8 Re4 42.Rxa6 Rxh4 43.Rb6 Kc4 
44.Rc6+ Kb3 45.Rc3+ Kb2 46.Rd3 Rc4 47.Rd5 Kxa3 
48.Rxb5 Rxb4 49.Ra5+ Kb3 50.Rd5 Rg4 51.Rxd6 Rxg2+ 
52.Ke3 h5 53.Kf3 Rg4 54.Rc6 Kb4 55.Rc8 Rg1 56.Kf2 
Rg4 57.Kf3 {(offering draw)}  Kb3 58.Rc6 g5 59.Rh6 
Rf4+ 60.Kg2 h4 61.Rg6 Rg4+ 62.Kh2 Kc2 63.Rd6 Rg3 
64.Rd5 g4 65.Rd4 {(offering draw)}  Kc3 66.Ra4 Kb3 
67.Rd4 Kc2 68.Ra4 Kb3 69.Rd4 {(offering draw)}  
Kc3 70.Ra4 Kb2 71.Rd4 Kb3 72.Re4 Rh3+ 73.Kg2 Rg3+ 
74.Kh2 Kc3 75.Ra4 1/2-1/2

[Event "HCL-B3862"]
[Site "www.playchess.de"]
[Date "2006.02.18"]
[Round "21"]
[White "knoppe"]
[Black "garden"]
[WhiteElo "1251"]
[BlackElo "1164"]
[PlyCount "71"]
[Result "1-0"]

1.e4 {hello again :-)}  e5 2.Nc3 Bc5 {Here we meet 
again!}  3.Bc4 Bd4 4.d3 Bxc3+ 5.bxc3 d6 6.f4 Qe7 
7.Nf3 Bg4 8.O-O exf4 9.Bxf4 Nf6 10.Bg5 Nbd7 11.Qd2 
Be6 12.Bb3 h6 13.Bh4 Bxb3 14.cxb3 g5 15.Bf2 Ne5 
16.Bd4 c5 17.Be3 Nfg4 18.h3 Nf6 19.Nxg5 Ng8 20.Nf3 
O-O-O 21.b4 c4 22.Bxa7 Nxd3 23.Qe3 Kd7 24.Nh4 Qxh4 
25.Rxf7+ Ne7 26.Bd4 Rhg8 27.Raf1 Qg5 28.Qf3 Kc8 
29.Bf6 Qg6 30.Bxe7 Ne5 31.Qe2 Nxf7 32.Qxc4+ Kd7 
33.Rxf7 Rda8 34.Bh4+ Ke8 35.Re7+ Kf8 
36.Qf1+ 1-0

[Event "HCL-B3849"]
[Site "www.playchess.de"]
[Date "2006.02.18"]
[Round "16"]
[White "Genesio"]
[Black "garden"]
[WhiteElo "1091"]
[BlackElo "1084"]
[PlyCount "41"]
[Result "1-0"]

1.d4 {Welcome!}  g6 {hi from Sao Paulo, 
Brazil!
}  2.c4 Bg7 3.e4 d5 4.cxd5 e6 5.Nc3 Bxd4 6.Qxd4 
Qf6 7.Qxf6 Nxf6 8.Bd3 Nbd7 9.Nf3 Nc5 10.Bc4 exd5 
11.exd5 Nd3+ 12.Bxd3 O-O 13.O-O b6 14.Bf4 Bb7 
15.Bc4 c6 16.d6 b5 17.Bb3 c5 18.Nxb5 Bxf3 19.gxf3 
Rfe8 20.Rae1 Reb8 21.Nc7 1-0

[Event "HCL-B3883"]
[Site "www.playchess.de"]
[Date "2006.02.18"]
[Round "2"]
[White "superyetkin"]
[Black "cheloveck"]
[WhiteElo "1290"]
[BlackElo "1249"]
[PlyCount "74"]
[Result "0-1"]

1.g3 Nc6 2.Bg2 d5 3.Nc3 Nf6 4.d3 Bf5 5.Bg5 e6 
6.Bxf6 Qxf6 7.e4 dxe4 8.dxe4 Bg6 9.Qf3 O-O-O 
10.Qxf6 gxf6 11.Nge2 Nb4 12.Rc1 Bh6 13.f4 f5 14.e5 
Rhf8 15.a3 Nc6 16.Bxc6 bxc6 17.O-O f6 18.exf6 Rxf6 
19.Rcd1 Rff8 20.Rxd8+ Rxd8 21.Rd1 Bh5 22.Rxd8+ 
Kxd8 23.Nd4 Kd7 24.Nb3 Bg7 25.Nc5+ Kd6 26.Nd3 Bxc3 
27.bxc3 Bd1 28.Ne1 Kd5 29.Nd3 a5 30.Ne1 Kc4 31.Kf2 
Kxc3 32.Ke3 c5 33.h3 Bxc2 34.Nxc2 Kxc2 35.g4 c4 
36.g5 c3 37.Ke2 Kb2 0-1

[Event "HCL-B3852"]
[Site "www.playchess.de"]
[Date "2006.02.18"]
[Round "2"]
[White "nico21"]
[Black "ama49"]
[WhiteElo "1512"]
[BlackElo "1194"]
[PlyCount "75"]
[Result "1-0"]

1.d4 Nf6 {Hello again!}  2.c4 {Hello}  d5 3.Nc3 
Nc6 4.Nf3 e6 5.Bg5 Be7 6.e3 O-O 7.Qc2 h6 8.Bh4 Ng4 
9.Bxe7 Qxe7 10.h3 Nf6 11.cxd5 exd5 12.Bd3 a6 
13.O-O Re8 14.Rfe1 Qd6 15.a3 Bd7 16.Rab1 b5 17.b4 
Na7 18.e4 dxe4 19.Nxe4 Nxe4 20.Bxe4 Nc6 21.Ne5 
Qxd4 22.Nxc6 Bxc6 23.Bxc6 Rxe1+ 24.Rxe1 Rf8 25.Rd1 
Qf6 26.Bf3 Rc8 27.Qd2 c5 28.Qd7 Rf8 29.bxc5 Qb2 
30.c6 Qc2 31.c7 Kh7 32.Qd8 Rxd8 33.cxd8Q Qa4 
34.Re1 Qxa3 35.Be4+ g6 36.Qf6 Qb3 37.Bxg6+ fxg6 
38.Re7+ 1-0

[Event "HCL-C4032"]
[Site "www.playchess.de"]
[Date "2006.02.18"]
[Round "8"]
[White "garden"]
[Black "sweendog"]
[WhiteElo "1034"]
[BlackElo "734"]
[PlyCount "103"]
[Result "1-0"]

1.e4 e5 2.Nf3 d6 3.Nc3 Nf6 4.d3 c5 5.Bg5 Be7 
6.Bxf6 Bxf6 7.Nd5 O-O 8.c3 b5 9.d4 exd4 10.cxd4 c4 
11.Be2 Qa5+ 12.Qd2 Qa4 13.Nc7 Bb7 14.Nxa8 Bxa8 
15.d5 Na6 16.a3 Bxb2 17.Qxb2 Qa5+ 18.Qd2 c3 19.Qc2 
b4 20.a4 Nc5 21.Nd4 Re8 22.Bf3 f6 23.O-O Bb7 
24.Nb3 Nxb3 25.Qxb3 Ba6 26.Rfb1 g5 27.Qxb4 Qxb4 
28.Rxb4 c2 29.g3 Bc8 30.Rb8 Bd7 31.Rxe8+ Bxe8 
32.Be2 h5 33.Bb5 Bg6 34.Bd3 f5 35.Bxc2 fxe4 36.Re1 
h4 37.f3 hxg3 38.hxg3 a5 39.Bxe4 Bf7 40.g4 Be8 
41.Bc2 Bf7 42.Bb3 Kg7 {(offering draw)}  43.Re7 
{not yet!}  Kf6 44.Ra7 Ke5 45.Rxf7 {??}  Kd4 {i'm 
feeling dead...}  46.Rc7 {why?}  Ke3 47.Kg2 Kf4 
48.Ra7 Ke3 49.Rxa5 Kd3 50.Ra6 Kc3 51.Rb6 Kb2 
52.a5 1-0

[Event "HCL-C4154"]
[Site "www.playchess.de"]
[Date "2006.02.18"]
[Round "4"]
[White "Idris"]
[Black "Skipper_Robert"]
[WhiteElo "844"]
[BlackElo "999"]
[PlyCount "46"]
[Result "0-1"]

1.g4 e5 2.h3 d6 3.e4 Nf6 4.f3 Nc6 5.c3 Be6 6.d3 
Qd7 7.Bg2 Be7 8.Ne2 h5 9.Be3 d5 10.Qb3 b6 11.exd5 
Bxd5 12.Bg5 Bxb3 13.axb3 Qxd3 14.O-O Qxe2 15.Rf2 
Qe1+ 16.Rf1 Bc5+ 17.Kh2 Qe2 18.Nd2 Qd3 19.Nc4 hxg4 
20.fxg4 Nxg4+ 21.Kh1 Nf2+ 22.Kh2 Rxh3+ 23.Bxh3 
Qxh3+ 0-1

[Event "HCL-E1571"]
[Site "www.playchess.de"]
[Date "2006.02.18"]
[Round "21"]
[White "yannick"]
[Black "ados99"]
[WhiteElo "1553"]
[BlackElo "1400"]
[PlyCount "21"]
[Result "1-0"]

1.e4 {hi,good game}  d6 2.d4 g6 3.c4 Bg7 4.Nf3 Nf6 
5.Bd3 O-O 6.O-O a6 7.Nc3 Bg4 8.e5 dxe5 9.dxe5 Ne8 
10.Be4 c6 11.Qxd8 {thanks}  1-0

[Event "ACL-A655"]
[Site "www.playchess.de"]
[Date "2006.02.18"]
[Round "2"]
[White "Kimura"]
[Black "PrinceKheldar"]
[WhiteElo "1856"]
[BlackElo "1868"]
[PlyCount "33"]
[Result "1-0"]

1.e4 c6 2.d4 d5 3.Nc3 dxe4 4.Nxe4 Bf5 5.Ng3 Bg6 
6.Nf3 Nf6 7.Ne5 Nbd7 8.Nxg6 hxg6 9.c3 e5 10.dxe5 
Nxe5 11.Qxd8+ Kxd8 12.f4 Ned7 13.Bd2 Kc7 14.O-O-O 
Bd6 15.Bc4 Raf8 16.h3 b5 17.Bb3 1-0

[Event "HCL-C4123"]
[Site "www.playchess.de"]
[Date "2006.02.18"]
[Round "5"]
[White "Tribun"]
[Black "Littlearza"]
[WhiteElo "857"]
[BlackElo "1585"]
[PlyCount "82"]
[Result "0-1"]

1.e4 e5 2.Nc3 Bc5 3.d3 Qf6 4.Nf3 d6 5.Be3 Nc6 
6.Be2 Qg6 7.Nh4 Qf6 8.g3 Bxe3 9.fxe3 Bh3 10.Nf3 
Nh6 11.Qd2 Ne7 12.O-O-O Bg2 13.Rhg1 Bxf3 14.Bxf3 
Qxf3 15.Nb5 O-O 16.Rgf1 Qh5 17.Rfh1 Rfc8 18.Rdg1 
a6 19.Nc3 f6 20.Ne2 Qf7 21.b3 a5 22.a4 b5 23.h4 
bxa4 24.Qc3 axb3 25.d4 b2+ 26.Qxb2 a4 27.Kd2 a3 
28.Qc3 c5 29.d5 c4 30.h5 Nxd5 31.Qa1 Nb4 32.Nc3 d5 
33.g4 dxe4 34.Nxe4 Qd5+ 35.Ke2 Qxe4 36.Rh2 Qxc2+ 
37.Kf3 Qxh2 38.Qe1 e4+ 39.Kxe4 Rce8+ 40.Kf3 Nd3 
41.Qc3 Qf2+ 0-1

[Event "HCL-B3858"]
[Site "www.playchess.de"]
[Date "2006.02.18"]
[Round "18"]
[White "djpnola"]
[Black "Viking"]
[WhiteElo "1109"]
[BlackElo "1087"]
[PlyCount "106"]
[Result "0-1"]

1.f4 {Hello}  d5 2.d4 g6 3.Nf3 Nf6 4.Nc3 Bg7 5.g3 
O-O 6.h4 e6 7.Bh3 Nh5 8.Rg1 Nf6 9.Be3 b6 10.Qd2 
Nc6 11.O-O-O a5 12.Ne5 Ne7 13.Ng4 Nf5 14.Ne5 Bb7 
15.Nb5 Ne4 16.Qd3 c6 17.Bxf5 exf5 18.Nc3 Qe8 
19.Nxe4 fxe4 20.Qb3 Ra6 21.c4 b5 22.cxd5 cxd5 
23.g4 f6 24.Kb1 fxe5 25.fxe5 b4 26.a4 Qd7 27.Qc2 
Rc8 28.Qd2 Rac6 29.Bh6 R8c7 30.h5 Qc8 31.hxg6 Rxg6 
32.g5 Ba6 33.Bxg7 Kxg7 34.Rdc1 Rxc1+ 35.Qxc1 Qxc1+ 
36.Rxc1 Bxe2 37.Rc7+ Kh8 38.Rc5 Rxg5 39.Rxd5 Rg1+ 
40.Kc2 Rd1 41.e6 Kg8 42.e7 Kf7 43.Rd7 Ke8 44.Ra7 
Rxd4 45.Rxa5 h5 46.Ra8+ Kxe7 47.b3 Bf3 48.Ra7+ Rd7 
49.Ra5 e3 50.Re5+ Kf6 51.Rxe3 Bg4 52.Re4 Bf5 53.a5 
{Ouch!}  Bxe4+ {I did the exact thing last week!  
Don't feel bad.}  0-1

[Event "HCL-E1569"]
[Site "www.playchess.de"]
[Date "2006.02.18"]
[Round "12"]
[White "chess50"]
[Black "alldrix"]
[WhiteElo "2160"]
[BlackElo "1624"]
[PlyCount "67"]
[Result "1-0"]

1.e4 e6 {hello!}  2.d4 d5 3.Nd2 {hello}  Nf6 4.e5 
Nfd7 5.Bd3 c5 6.c3 Nc6 7.Ne2 cxd4 8.cxd4 Be7 9.O-O 
f5 10.Nf4 Nf8 11.Nb3 Bd7 12.Qh5+ g6 13.Qh6 Kf7 
14.Nh3 Qb6 15.Bg5 Re8 16.Bxe7 Rxe7 17.Qh4 h6 
18.Rfc1 Re8 19.Be2 Qb4 20.Qf6+ Kg8 21.Nf4 g5 
22.Bh5 Rh7 23.Bxe8 Bxe8 24.Nxe6 Nxe6 25.Qxe6+ Bf7 
26.Qxf5 Rg7 27.e6 Bg6 28.Qxd5 Ne7 29.Qd8+ Kh7 
30.d5 Qg4 31.h3 Qf5 32.d6 Nd5 33.Rc8 Bh5 
34.Qh8+ 1-0

[Event "HCL-A2586"]
[Site "www.playchess.de"]
[Date "2006.02.18"]
[Round "2"]
[White "Crusaders"]
[Black "victorabiodun03"]
[WhiteElo "1781"]
[BlackElo "1357"]
[PlyCount "53"]
[Result "1/2-1/2"]

1.e4 {Hello ! Nice game and good luck ! Best 
regards Dirk}  e6 2.d4 d5 3.e5 c5 4.c3 Qb6 5.Nf3 
Nc6 6.a3 c4 7.Nbd2 Na5 8.Be2 Bd7 9.O-O Ne7 10.Rb1 
Ng6 11.Re1 Be7 12.g3 O-O 13.Bf1 f5 14.exf6 Bxf6 
15.Bh3 Rfe8 16.Nf1 Nb3 17.Ne3 Nxc1 18.Qxc1 Qd6 
19.Bg2 Rac8 20.Ng4 e5 21.dxe5 Nxe5 22.Ngxe5 Bxe5 
23.Nxe5 Rxe5 24.Rxe5 Qxe5 25.Qd2 Bc6 26.Re1 Qd6 
27.Qd4 {(offering draw)}  1/2-1/2

[Event "HCL-C4134"]
[Site "www.playchess.de"]
[Date "2006.02.18"]
[Round "9"]
[White "aussie"]
[Black "cg"]
[WhiteElo "1113"]
[BlackElo "902"]
[PlyCount "45"]
[Result "1-0"]

1.e4 e5 2.Nf3 Nc6 3.Bc4 Qe7 4.O-O a6 5.Re1 Nd4 
6.c3 Nxf3+ 7.Qxf3 f6 8.d4 exd4 9.cxd4 b5 10.e5 c6 
11.exf6 gxf6 12.Rxe7+ Nxe7 13.Bd3 f5 14.Bg5 Bg7 
15.Nc3 b4 16.Na4 d5 17.Nb6 Rb8 18.Nxc8 Rxc8 19.Re1 
Rc7 20.Qxf5 h6 21.Qg6+ Kd8 22.Qxg7 Rg8 
23.Qxg8+ 1-0

[Event "HCL-C4174"]
[Site "www.playchess.de"]
[Date "2006.02.18"]
[Round "2"]
[White "nichju"]
[Black "dg"]
[WhiteElo "1049"]
[BlackElo "1214"]
[PlyCount "96"]
[Result "0-1"]

1.e4 {Hi again}  e5 2.Nf3 d6 3.d4 exd4 4.Nxd4 Be6 
5.e5 dxe5 6.Nxe6 Qxd1+ 7.Kxd1 fxe6 8.Bb5+ c6 9.Bc4 
Ke7 10.Re1 Nd7 11.Bg5+ Ngf6 12.f4 h6 13.Bxf6+ gxf6 
14.f5 exf5 15.Nd2 Re8 16.a4 Kd8 17.Ra3 Bxa3 
18.bxa3 f4 19.Ne4 f5 20.Nd6 Re7 21.Nxb7+ Kc7 
22.Bd3 Kxb7 23.Bxf5 Nc5 24.a5 Rd8+ 25.Ke2 e4 
26.Kf2 e3+ 27.Kf3 Rd2 28.Kxf4 Rxg2 29.Rxe3 Rxe3 
30.Kxe3 Rxh2 31.Kd4 Na4 32.Kc4 h5 33.Kb4 Nb2 
34.Kc5 h4 35.Be4 Kc7 36.c4 Na4+ 37.Kb4 Nb2 38.Kc5 
h3 39.Bxc6 Rc2 40.Kb5 Rxc4 41.Bd5 Rh4 42.Ka6 Kb8 
43.a4 Nxa4 44.Be6 Nc5+ 45.Kb5 Nxe6 46.Ka6 h2 
47.Kb5 h1Q 48.Ka6 Qb7+ {gg...gt} 
 0-1

[Event "HCL-B3868"]
[Site "www.playchess.de"]
[Date "2006.02.18"]
[Round "13"]
[White "sundfar"]
[Black "Rochade_III"]
[WhiteElo "1373"]
[BlackElo "964"]
[PlyCount "53"]
[Result "1-0"]

1.d4 d5 2.c4 c6 3.Nf3 Nf6 4.Bf4 Nbd7 5.e3 Nb6 6.c5 
Nc4 7.Bxc4 dxc4 8.O-O e6 9.Nc3 Nd5 10.Bg3 Be7 
11.Ne5 O-O 12.Ne4 Bf6 13.Qe2 Bxe5 14.Bxe5 b6 
15.Qxc4 Rb8 16.Bxb8 e5 17.Nd6 Bf5 18.Nxf5 Qxb8 
19.Nd6 bxc5 20.Qxc5 Qxb2 21.Qxc6 Nb4 22.Qb5 Rd8 
23.Qxe5 Nd3 24.Qe7 Rb8 25.Qxf7+ Kh8 26.Ne8 h6 
27.Qxg7+ 1-0

[Event "HCL-M890"]
[Site "www.playchess.de"]
[Date "2006.02.18"]
[Round "16"]
[White "Emerson"]
[Black "ZorMaster"]
[WhiteElo "1802"]
[BlackElo "1813"]
[PlyCount "32"]
[Result "0-1"]

1.c4 {welcome and good luck!}  e6 {thx and a great 
match!}  2.Nc3 d5 3.e3 Nf6 4.f4 d4 5.exd4 Nc6 
6.Nf3 Nxd4 7.d3 Bc5 8.Ne4 Nxe4 9.dxe4 O-O 10.Be3 
Nc2+ 11.Qxc2 Bxe3 12.g3 e5 13.Nxe5 Qd4 14.Nf3 Qc5 
15.Be2 Bf2+ 16.Kf1 Bh3+ {gg}  0-1

[Event "HCL-A2554"]
[Site "www.playchess.de"]
[Date "2006.02.18"]
[Round "9"]
[White "GCP"]
[Black "Zembla"]
[WhiteElo "1404"]
[BlackElo "1471"]
[PlyCount "77"]
[Result "1-0"]

1.e4 {hello from Rome, have a good game}  e5 
{thanks, you too}  2.Nf3 Nc6 3.d4 exd4 4.Bc4 Nf6 
5.O-O Nxe4 6.Re1 d5 7.Bxd5 Qxd5 8.Nc3 Qa5 9.Nxe4 
Be6 10.Bd2 Bb4 11.Nxd4 Bxd2 12.Nxc6 bxc6 13.Nxd2 
O-O 14.Nf3 Rad8 15.Qe2 Rfe8 16.Qe5 Qd5 17.Qxc7 a6 
18.Qb6 Bg4 19.Rxe8+ Rxe8 20.Qb3 Bxf3 21.Qxf3 Qxf3 
22.gxf3 Re2 23.Rc1 Kf8 24.Kf1 Re5 25.c4 Ke7 26.Rc3 
Kd6 27.Re3 f6 28.b4 c5 29.b5 axb5 30.cxb5 Kc7 
31.a4 Kb6 32.f4 Rf5 33.Re4 g5 34.fxg5 fxg5 35.Kg2 
h5 36.f3 Kc7 37.Re6 Rd5 38.a5 Rd6 
39.Re5 1-0

[Event "HCL-B3833"]
[Site "www.playchess.de"]
[Date "2006.02.18"]
[Round "7"]
[White "schachsky"]
[Black "Skipper_Robert"]
[WhiteElo "1192"]
[BlackElo "1044"]
[PlyCount "61"]
[Result "1-0"]

1.e4 {Hallo, eine schöne Partie zugewünscht!}  e5 
{Danke, ebenso!}  2.Nf3 d6 3.Nc3 Be6 4.d4 f6 5.d5 
Bd7 6.Be2 Be7 7.O-O c6 8.b4 Qb6 9.a3 h6 10.Na4 Qc7 
11.c4 b5 12.Nb2 f5 13.Bd3 fxe4 14.Bxe4 Nf6 15.Bg6+ 
Kd8 16.dxc6 Bxc6 17.c5 d5 18.Re1 Nbd7 19.Bf5 e4 
20.Nd4 g6 21.Ne6+ Kc8 22.Nxc7 Kxc7 23.Bf4+ Kb7 
24.Bxg6 Rag8 25.Bf7 Rg7 26.Be6 Nf8 27.Bh3 h5 28.a4 
Rhg8 29.Qd4 Bd7 30.Qe5 Bxh3 31.Qc7+ 1-0